| 000 | 00779nam a2200229 a 4500 | ||
|---|---|---|---|
| 001 | 000020868 | ||
| 005 | 20200930011159.0 | ||
| 008 | 100818s1977 mx 000 0 spa d | ||
| 040 |
_aDO-SdBNP _bspa _cBNPHU |
||
| 082 |
_a891.733 _bG752e, 1977 |
||
| 245 | 0 | 0 |
_aGrandes escritores rusos / _cestudio preliminar por Pablo Schostakovsky. |
| 250 | _a10a ed. | ||
| 260 |
_aMéxico : _bCumbre, _c1977. |
||
| 300 |
_axxxi, 1-495 p. ; _c21 cm. |
||
| 490 | 1 | _aLos clásicos | |
| 505 | 1 | _aPúshkin -- Gógol -- Lérmontov -- Goncharóv -- Turguéniev -- Korolenko -- Chéjov -- Búnin -- Andréiev -- Kuprín -- Gorky. | |
| 650 | 4 |
_aNovela rusa _94742 |
|
| 650 | 4 |
_aLiteratura rusa _94743 |
|
| 700 | 1 |
_aSchostakovsky, Pablo, _943743 |
|
| 830 | 0 |
_aLos clásicos _943697 |
|
| 049 | _aBNGR | ||
| 999 |
_c20371 _d20371 |
||